đŸŽ¶Paroles "À la gloire des femmes en deuil" Mathilde - Statistiques

Statistiques générales
  • Ce quiz a Ă©tĂ© pris 29 fois
  • Le rĂ©sultat moyen est 205 sur 226
Statistiques - réponses
Mots % Correct
À
100%
ce
100%
chante
100%
d'
100%
de
100%
De
100%
des
100%
deuil
100%
elles
100%
Elles
100%
en
100%
femmes
100%
gloire
100%
j'
100%
Je
100%
la
100%
aujourd'hui
94%
Qu'
94%
courage
88%
fils
88%
jusqu'
88%
leur
88%
perdent
88%
don
82%
Du
82%
Et
82%
mĂšre
82%
mort
82%
ou
82%
que
82%
qui
82%
sorores
82%
tristes
82%
vie
82%
aux
76%
cercueils
76%
devant
76%
honore
76%
jusque
76%
Unies
76%
dignes
71%
jamais
65%
plier
65%
sans
65%
bravoure
59%
coriaces
59%
or
59%
argile
53%
pieds
53%
trésor
53%
ces
47%
colosses
47%
douleur
47%
piliers
47%
portent
47%
vaillantes
41%
fragiles
35%
peine
35%
pleurs
29%
Aucun quiz correspondant
Distribution des résultats
% des personnes avec chaque résultat
Percentile par nombre de réponses
Votre historique - résultats
Vous n’avez pas pris ce quiz